The pesticide manual : a world compendium. (11th ed.) (Record no. 81852)

MARC details
000 -LEADER
fixed length control field 00781nam a2200181 a 4500
008 - FIXED-LENGTH DATA ELEMENTS--GENERAL INFORMATION
fixed length control field 120416s1997 ||||||||||||||||| || u
020 ## - INTERNATIONAL STANDARD BOOK NUMBER
International Standard Book Number 1901396118
050 ## - LIBRARY OF CONGRESS CALL NUMBER
Classification number SB 950.95 Pes
100 ## - MAIN ENTRY--PERSONAL NAME
Personal name Tomlin, C. D. S
245 14 - TITLE STATEMENT
Title The pesticide manual : a world compendium. (11th ed.)
Statement of responsibility, etc. edited by C. D. S. Tomlin
250 ## - EDITION STATEMENT
Edition statement 11th ed.
260 ## - PUBLICATION, DISTRIBUTION, ETC.
Place of publication, distribution, etc. Bracknell, Berks
Name of publisher, distributor, etc. British Crop Protection Council
Date of publication, distribution, etc. 1997
300 ## - PHYSICAL DESCRIPTION
Extent xliii, 1606p. : ill.
350 ## -
-- 0.00
650 ## - SUBJECT ADDED ENTRY--TOPICAL TERM
Topical term or geographic name entry element PESTICIDES--HANDBOOKS, MANUALS, ETC
995 ## -
-- REFERENCE BOOKS
-- 0.00
-- 734316
-- CBU-MAIN LIBRARY (Kitwe)
-- 2
-- 95.00
-- SB 950.95 Pes
-- 2
-- REFERENCE
-- 46482
-- Reference Collection
995 ## -
-- REFERENCE BOOKS
-- 0.00
-- 734616
-- CBU-MAIN LIBRARY (Kitwe)
-- 1
-- 95.00
-- SB 950.95 Pes
-- 1
-- REFERENCE
-- 47838
-- Reference Collection
999 ## -
-- 81852
-- 81852
Holdings
Withdrawn status Lost status Source of classification or shelving scheme Damaged status Not for loan Permanent Location Current Location Shelving location Date acquired Total Checkouts Full call number Barcode Date last seen Copy number Price effective from Koha item type
          CBU-MAIN LIBRARY, KITWE. CBU-MAIN LIBRARY, KITWE.   09/12/2023   SB 950.95 Pes 46482 09/12/2023 1 09/12/2023 REFERENCE COLLECTION
          CBU-MAIN LIBRARY, KITWE. CBU-MAIN LIBRARY, KITWE.   09/12/2023   SB 950.95 Pes 47838 09/12/2023 2 09/12/2023 REFERENCE COLLECTION